| 000 | 00932cam a22002654a 4500 | ||
|---|---|---|---|
| 999 |
_c6430 _d6430 |
||
| 001 | 5683 | ||
| 003 | BD-DhUAP | ||
| 005 | 20201231104624.0 | ||
| 008 | 000926s2001 njua 001 0 eng | ||
| 020 | _a8178082780 | ||
| 040 |
_aDLC _cDLC _dBD-DhUAP _beng |
||
| 082 | 0 | 0 |
_a005.713769 HAW _223 |
| 100 | 1 | _aHawkins, Scott. | |
| 245 | 1 | 0 |
_aApache Web server administration & e-commerce handbook / _cScott Hawkins. |
| 260 |
_aDelhi : _bPearson Education Asia, _cc2001. |
||
| 300 |
_axx, 359 pages : _billustrations ; _c24 cm. |
||
| 490 | _aOpen source technology series. | ||
| 500 | _aIncludes index. | ||
| 538 | _aSystem requirements for accompany computer discs : IBM PC or compatible system ; DOS ; Microsoft Windows. | ||
| 630 | 0 | 0 | _aApache (Computer file : Apache Group). |
| 650 | 0 |
_aElectronic commerce _xComputer programs. |
|
| 650 | 0 | _aWeb servers. | |
| 650 | 0 |
_aBusiness enterprises _xComputer networks. |
|
| 942 |
_2ddc _cBK |
||